000
00293nam a2200133Ia 4500
100
_a
Hitachi
650
_a
Electrical Engineering
942
_c
BK
654
_a
Service Manul
245
_a
Service Manul VT- IIE
260
_b
Tokai Works
_a
Japan
_c
1982
082
_a
621.3
546
_a
ENGLISH
999
_c
23110
_d
23110